Концепция и методология применения маркетинговых технологий при формировании и развитии точек роста региона (на примере туристской дестинации): монография

Bibliografske podrobnosti
Glavni avtor: Кирьянова Л. Г. Лилия Геннадьевна
Korporativna značnica: Национальный исследовательский Томский политехнический университет (ТПУ)
Drugi avtorji: Федько В. П. Валерий Павлович
Izvleček:Предлагаемая вниманию читателей монография является одной из немногих отечественных работ, направленных на исследование теоретико-методологических аспектов маркетингового управления развитием точек роста в регионах. Не претендуя на полноту изложения выдвигаемых теоретических и методологических положений концепций формирования и развития точек роста региона авторы попытались дать рекомендации по решению ряда актуальных задач в комплексе мер поддержки развития точек роста на основе туристской дестинации. Выводы и обобщения, сделанные в монографии, могут быть дискуссионными для кого-то из читателей, но они отражают авторское видение проблемы. Авторы рассчитывают на помощь читателей, замечания и предложения которых будут с благодарностью приняты. Книга предназначена для научных работников, аспирантов и практиков, чья сфера интересов преломляется в области маркетинга регионоведения, а также может быть использована при подготовке магистров в области маркетинга
Jezik:ruščina
Izdano: Томск, Изд-во ТПУ, 2016
Teme:
Format: MixedMaterials Knjiga
KOHA link:https://koha.lib.tpu.ru/cgi-bin/koha/opac-detail.pl?biblionumber=341389

MARC

LEADER 00000nam0a2200000 4500
001 341389
005 20231102005335.0
010 |a 9785438707561 
035 |a (RuTPU)RU\TPU\book\369282 
090 |a 341389 
100 |a 20180914d2016 k y0rusy50 ca 
101 0 |a rus 
102 |a RU 
105 |a y z 001zy 
200 1 |a Концепция и методология применения маркетинговых технологий при формировании и развитии точек роста региона (на примере туристской дестинации)  |e монография  |f Л. Г. Кирьянова, В. П. Федько  |g Национальный исследовательский Томский политехнический университет (ТПУ) 
210 |a Томск  |c Изд-во ТПУ  |d 2016 
215 |a 180 с. 
320 |a Библиогр.: с. 163-179 
330 |a Предлагаемая вниманию читателей монография является одной из немногих отечественных работ, направленных на исследование теоретико-методологических аспектов маркетингового управления развитием точек роста в регионах. Не претендуя на полноту изложения выдвигаемых теоретических и методологических положений концепций формирования и развития точек роста региона авторы попытались дать рекомендации по решению ряда актуальных задач в комплексе мер поддержки развития точек роста на основе туристской дестинации. Выводы и обобщения, сделанные в монографии, могут быть дискуссионными для кого-то из читателей, но они отражают авторское видение проблемы. Авторы рассчитывают на помощь читателей, замечания и предложения которых будут с благодарностью приняты. Книга предназначена для научных работников, аспирантов и практиков, чья сфера интересов преломляется в области маркетинга регионоведения, а также может быть использована при подготовке магистров в области маркетинга 
606 1 |a Туризм  |x Экономика  |2 stltpush  |3 (RuTPU)RU\TPU\subj\53770  |9 71935 
606 1 |a Маркетинг  |2 stltpush  |3 (RuTPU)RU\TPU\subj\41036  |9 60857 
610 1 |a маркетинговое управление 
610 1 |a точки роста 
610 1 |a туристская дестинация 
610 1 |a региональная экономика 
610 1 |a туристические регионы 
610 1 |a туристические дестинации 
610 1 |a туристические услуги 
610 1 |a территориальное развитие 
610 1 |a территориальный маркетинг 
610 1 |a монографии 
686 |a У9(2)212.4  |v LBC/SL-A  |2 rubbk 
686 |a У9(2)43  |v LBC/SL-A  |2 rubbk 
700 1 |a Кирьянова  |b Л. Г.  |c философ  |c доцент Томского политехнического университета, кандидат философских наук  |f 1982-  |g Лилия Геннадьевна  |2 stltpush  |3 (RuTPU)RU\TPU\pers\25768 
701 1 |a Федько  |b В. П.  |g Валерий Павлович 
712 0 2 |a Национальный исследовательский Томский политехнический университет (ТПУ)  |c (2009- )  |2 stltpush  |3 (RuTPU)RU\TPU\col\15902 
801 1 |a RU  |b 63413507  |c 20180914 
801 2 |a RU  |b 63413507  |c 20181008  |g RCR 
942 |c BK